Microeconomic factors influencing impaired loans and credit derivatives prices

Salvato in:
Dettagli Bibliografici
Autore principale: Šturc, Boris, 1961-
Altri autori: Žoldáková, Natália, 1985-
Natura: Capitolo di libro
Lingua:inglese
Tags: Aggiungi Tag
Nessun Tag, puoi essere il primo ad aggiungerne!!

MARC

LEADER 00000nla a2200000 4500
001 0175143
005 20240502083416.6
041 0 |a eng 
044 |a CZ 
245 1 0 |a Microeconomic factors influencing impaired loans and credit derivatives prices  |c Boris Šturc, Natália Žoldáková 
100 1 |a Šturc, Boris, 1961- 
700 1 |a Žoldáková, Natália, 1985-